| 000 | 00514nam a2200169Ia 4500 | ||
|---|---|---|---|
| 008 | 110201s9999 xx 000 0 und d | ||
| 082 |
_bB9610 _aS 1855 |
||
| 100 | _aबारटक्के सुहास | ||
| 245 | _aवडापाव | ||
| 260 | _bपरचुरे प्रकाशन | ||
| 365 | _b150 | ||
| 600 | _aबारटक्के सुहास | ||
| 630 | _aवडापाव | ||
| 700 | _aबारटक्के सुहास | ||
| 730 | _aवडापाव | ||
| 942 | _cBOOK | ||
| 999 |
_c835044 _d835041 |
||